| 000 | 00406nam a22001337a 4500 | ||
|---|---|---|---|
| 082 |
_a620.11 _bPAS _cD |
||
| 100 |
_aPascoe, K.J _940757 |
||
| 245 |
_aAn introduction to the properties of engineering materials _cPascoe, K.J |
||
| 260 |
_aLondon _bBlackie and son Ltd _c1961 |
||
| 300 |
_a295 p. : _bill, ; _c20 cm. |
||
| 526 |
_a0 _b0 _c0 _d620_110000000000000_PAS |
||
| 650 |
_aD (MCE) _940349 |
||
| 942 |
_2ddc _cBK |
||
| 999 |
_c545000 _d545000 |
||